Movies Quiz

Random Movies or Song Quiz

Movie Theme Songs 2 Quiz Stats

Quiz not verified by Sporcle

Challenge
Share
Tweet
Embed
Score 0/30 Timer 06:00
0 Plays Today
Movie Song % Correct
TitanicMy Heart Will Go On
72.4%
The Wizard of OzOver the Rainbow
67.3%
Lion KingCircle of Life
65.6%
8 MileLose Yourself
65%
Moulin Rouge!Lady Marmalade
63.4%
Rocky IIIEye of the Tiger
62.5%
ArmageddonI Don't Want to Miss A Thing
61.8%
Saturday Night FeverStayin Alive
55.2%
Toy StoryYou've Got A Friend In Me
54.8%
Breakfast ClubDon't You
53.4%
Wayne's WorldBohemian Rhapsody
52.1%
Dirty Dancing(I've Had) The Time of My Life
47.2%
Top GunTake My Breath Away
46.7%
Slumdog MillionaireJai Ho
44%
GhostUnchained Melody
40.7%
Movie Song % Correct
Die Another DayDie Another Day
36%
BeachesWind Beneath My Wings
32.4%
Robin Hood: Prince of Thieves(Everything I Do) I Do It For You
29.3%
HerculesGo the Distance
25.8%
EnchantedEver Ever After
20.2%
TwilightDecode
19.9%
Say AnythingIn Your Eyes
19%
Pearl HarborThere You'll Be
15.6%
OnceFalling Slowly
15.1%
Lord of the Rings The Return of the KingInto the West
11.6%
Con AirHow Do I Live
11.1%
VacationHoliday Road
11%
AvatarI See You
9.3%
Wall-EDown to Earth
7.6%
2012Time for Miracles
5.8%

You're not logged in!

Compare scores with friends on all Sporcle quizzes.
Sign Up with Email
OR
Log In

You Might Also Like...

Show Comments

Extras

Top Quizzes Today


Score Distribution

Your Account Isn't Verified!

In order to create a playlist on Sporcle, you need to verify the email address you used during registration. Go to your Sporcle Settings to finish the process.

Report this User

Report this user for behavior that violates our Community Guidelines.

Details: